Indian writing in English : recent trends and concerns (Record no. 6785)

MARC details
000 -LEADER
fixed length control field 00776 a2200193 4500
005 - DATE AND TIME OF LATEST TRANSACTION
control field 20080908154416.0
008 - FIXED-LENGTH DATA ELEMENTS--GENERAL INFORMATION
fixed length control field 080908t xxu||||| |||| 00| 0 eng d
010 ## - LIBRARY OF CONGRESS CONTROL NUMBER
LC control number ENG-87676
020 ## - INTERNATIONAL STANDARD BOOK NUMBER
Terms of availability 235.00
035 ## - SYSTEM CONTROL NUMBER
System control number EN-71209
037 ## - SOURCE OF ACQUISITION
Source of stock number/acquisition DBAD / PUB
082 ## - DEWEY DECIMAL CLASSIFICATION NUMBER
Classification number 880.8
245 ## - TITLE STATEMENT
Title Indian writing in English : recent trends and concerns
Statement of responsibility, etc edited by S. Ravilndranathan and P.K. Kalyani
260 ## - PUBLICATION, DISTRIBUTION, ETC. (IMPRINT)
Place of publication, distribution, etc Tirunelveli
Name of publisher, distributor, etc Manonmaniam Sundaranar University
Date of publication, distribution, etc 2006
270 ## - ADDRESS
Address Publication Division
City Tirunelveli
Postal code 627 012
300 ## - PHYSICAL DESCRIPTION
Extent 359 p.
Dimensions 22 cm ( Pbk)
942 ## - ADDED ENTRY ELEMENTS (KOHA)
Institution code [OBSOLETE] dpl
Koha item type English Books
Call number prefix 880.8/IND
Source of classification or shelving scheme Dewey Decimal Classification
Classification part 880.8
Call number suffix IND
Holdings
Withdrawn status Lost status Damaged status Not for loan Collection code Home library Current library Date acquired Cost, normal purchase price Total Checkouts Full call number Barcode Date last seen Copy number Uniform Resource Identifier Cost, replacement price Price effective from Koha item type
      Not For Loan Non-fiction D.B.Act.Division D.B.Act.Division 08/09/2008 235.00   880.8 IND EN-71209 15/09/2008 1 7288 235.00 15/09/2008 English Books

© Delhi Public Library
Hit Counter
free hit counter